<?xml version="1.0" encoding="UTF-8"?>
<record
    xmlns:xsi="http://www.w3.org/2001/XMLSchema-instance"
    xsi:schemaLocation="http://www.loc.gov/MARC21/slim http://www.loc.gov/standards/marcxml/schema/MARC21slim.xsd"
    xmlns="http://www.loc.gov/MARC21/slim">

  <leader>04821nam a2200373 i 4500</leader>
  <controlfield tag="003">CSPC</controlfield>
  <controlfield tag="005">20260216101645.0</controlfield>
  <controlfield tag="008">260212c2021    ph   d   i    00  0 eng d</controlfield>
  <datafield tag="022" ind1=" " ind2=" ">
    <subfield code="a">2782-9413</subfield>
  </datafield>
  <datafield tag="022" ind1=" " ind2=" ">
    <subfield code="a">2799-0583</subfield>
  </datafield>
  <datafield tag="040" ind1=" " ind2=" ">
    <subfield code="a">CSPC</subfield>
    <subfield code="b">eng</subfield>
    <subfield code="c">CSPC</subfield>
    <subfield code="e">rda</subfield>
  </datafield>
  <datafield tag="245" ind1="0" ind2="0">
    <subfield code="a">Journal of education, management &amp; development studies :</subfield>
    <subfield code="b">an international refereed journal / </subfield>
  </datafield>
  <datafield tag="264" ind1=" " ind2="1">
    <subfield code="a">Camarines Sur Polytechnic Colleges :  </subfield>
    <subfield code="b">Center for Research and Development, </subfield>
    <subfield code="c">2021.</subfield>
  </datafield>
  <datafield tag="300" ind1=" " ind2=" ">
    <subfield code="a">volumes :</subfield>
    <subfield code="b">illustrations ; </subfield>
    <subfield code="c">21 cm.</subfield>
  </datafield>
  <datafield tag="336" ind1=" " ind2=" ">
    <subfield code="2">rdacontent</subfield>
    <subfield code="a">text</subfield>
  </datafield>
  <datafield tag="337" ind1=" " ind2=" ">
    <subfield code="2">rdamedia</subfield>
    <subfield code="a">unmediated</subfield>
  </datafield>
  <datafield tag="338" ind1=" " ind2=" ">
    <subfield code="2">rdacarrier</subfield>
    <subfield code="a">volumes</subfield>
  </datafield>
  <datafield tag="362" ind1=" " ind2=" ">
    <subfield code="a">Volume 1, Number 1</subfield>
  </datafield>
  <datafield tag="362" ind1=" " ind2=" ">
    <subfield code="a">Volume 1, Number 2</subfield>
  </datafield>
  <datafield tag="362" ind1=" " ind2=" ">
    <subfield code="a">Volume 1, Number 3 </subfield>
  </datafield>
  <datafield tag="362" ind1=" " ind2=" ">
    <subfield code="a">Volume 1, Number 3 </subfield>
  </datafield>
  <datafield tag="504" ind1=" " ind2=" ">
    <subfield code="a">Includes bibliographical references </subfield>
  </datafield>
  <datafield tag="505" ind1="0" ind2=" ">
    <subfield code="a">The roles of internal locus of control and grit in managing the academic stress of senior high school students in the southern Luzon State University -- Education in emergency- the school managers' practices on risk reduction and management of disaster -- Levels of oral communication skills and speaking anxiety of educators in a Polythetic College in the Philippines -- The employment profile of graduates in a state University in Bicol Region, Philippines -- Mathematical investigation of functions -- I am a survivor: experiences, impacts and coping mechanism of Filipino victims of sexual violence -- Organizational culture as predictor of faculty members' soft skills in Philippine State Universities -- Opportunities and challenges of a Filipino educator in a home-based online EFL Industry: a single case study.</subfield>
  </datafield>
  <datafield tag="505" ind1="0" ind2=" ">
    <subfield code="a">Home quarantine challenges and psychological status of Bangladeshi University students during COVID-19 -- Awareness and acceptability on the Institution's vision, mission, goals and quality policy in one state college in the Philippines -- Google classroom as a tool of support for flexible learning in the new normal -- Possible scenarios on the future of Polytechnic State University of Bicol (PSUB) - research culture by 2030 using Jim Dators' archetypes of alterative futures -- Exit slips as predictor of academic performance.    </subfield>
  </datafield>
  <datafield tag="505" ind1="0" ind2=" ">
    <subfield code="a">Unraveling the nexus science technology input and economic growth through research development (RD) indicators in Asia-pacific Region: a panel data and causality analysis -- A study on food consumption pattern of the Tibetan college students in Dalai lama institute for higher education Bengaluru, Karnataka -- The quality management system of one polytechnic college -- Online learning in Bangladesh during COVID-19: perceived effectiveness, challenges, and suggestions -- Compliance on patient's admission protocol of birth center personnel in the 5th district of Camarines Sur Philippines. </subfield>
  </datafield>
  <datafield tag="520" ind1="3" ind2=" ">
    <subfield code="a">This paper unravels the critical aspect of science and technology through research and development indicators as sources, drivers, and predictors of economic growth Philippines from the perspective of two developing countries, namely: Philippines and Thailand 4LAWI (ASEAN), and two developed economies, namely: Japan and Australia (ASEAN-X) in Asia-Pacific Region. The data set ranges from 1980 to 2019 and is collected from OZAMBIQUE World Development Indicators of the World Bank, Institute for Statistics of United Nations Educational, Scientific and Cultural Organization (UNESCO), and World Intellectual Property Organization (WIPO). Research and Development (RD) is a tool for generating new knowledge and serves as input for technological advancement. In the long run, it has been proven that technology can sustain permanent economic development in the economy. In developed economies, the nexus between the aforementioned variables is robust and significant. Thus, the RD indicators can be used as a predictor of economic growth. However, in developing economies, the nexus of variables involved is negligible and insignificant. Hence, the RD indicators cannot be effectively utilized as a predictor of economic growth. Furthermore, the study combined the two sets of panel data and a relevant conclusion was drawn. A country-panel regression and causality analysis were performed based on the empirics of macroeconomics. 
KEYWORDS: Nexus, Science and Technology, Research and Development Indicators, Economic Growth, Panel Regression, Asia-Pacific Region.</subfield>
  </datafield>
  <datafield tag="650" ind1=" " ind2=" ">
    <subfield code="a">Educations </subfield>
    <subfield code="v">Periodicals.</subfield>
  </datafield>
  <datafield tag="650" ind1=" " ind2=" ">
    <subfield code="a">Management</subfield>
    <subfield code="v">Periodicals.</subfield>
  </datafield>
  <datafield tag="650" ind1=" " ind2=" ">
    <subfield code="a">Development studies</subfield>
    <subfield code="v">Periodicals.</subfield>
  </datafield>
  <datafield tag="650" ind1=" " ind2=" ">
    <subfield code="a">Economic development</subfield>
    <subfield code="v">Periodicals.</subfield>
  </datafield>
  <datafield tag="700" ind1=" " ind2="1">
    <subfield code="a">Terano, Harold Jan R.,</subfield>
    <subfield code="e">editor.</subfield>
  </datafield>
  <datafield tag="942" ind1=" " ind2=" ">
    <subfield code="2">ddc</subfield>
    <subfield code="n">0</subfield>
    <subfield code="c">SERIALS</subfield>
    <subfield code="h">378.05</subfield>
    <subfield code="i">J826</subfield>
    <subfield code="k">SER</subfield>
    <subfield code="m">2021</subfield>
  </datafield>
  <datafield tag="952" ind1=" " ind2=" ">
    <subfield code="0">0</subfield>
    <subfield code="1">0</subfield>
    <subfield code="2">ddc</subfield>
    <subfield code="4">0</subfield>
    <subfield code="7">1</subfield>
    <subfield code="a">CSPC</subfield>
    <subfield code="b">CSPC</subfield>
    <subfield code="c">SER</subfield>
    <subfield code="d">2026-02-12</subfield>
    <subfield code="h">2021 Volume 1, Number 3 </subfield>
    <subfield code="l">0</subfield>
    <subfield code="o">Ser EDUC 11 v.1 n.3 2021</subfield>
    <subfield code="p">01559S</subfield>
    <subfield code="r">2026-02-12 13:53:33</subfield>
    <subfield code="t">1-2</subfield>
    <subfield code="w">2026-02-12</subfield>
    <subfield code="y">SERIALS</subfield>
    <subfield code="z">Journal</subfield>
  </datafield>
  <datafield tag="952" ind1=" " ind2=" ">
    <subfield code="0">0</subfield>
    <subfield code="1">0</subfield>
    <subfield code="2">ddc</subfield>
    <subfield code="4">0</subfield>
    <subfield code="7">1</subfield>
    <subfield code="a">CSPC</subfield>
    <subfield code="b">CSPC</subfield>
    <subfield code="c">SER</subfield>
    <subfield code="d">2026-02-16</subfield>
    <subfield code="h">2021 Volume 1, Number 3 </subfield>
    <subfield code="l">0</subfield>
    <subfield code="o">Ser EDUC 11 v.1 n.3 2021</subfield>
    <subfield code="p">01579S</subfield>
    <subfield code="r">2026-02-16 09:40:31</subfield>
    <subfield code="t">2-2</subfield>
    <subfield code="w">2026-02-16</subfield>
    <subfield code="y">SERIALS</subfield>
    <subfield code="z">Journal</subfield>
  </datafield>
  <datafield tag="952" ind1=" " ind2=" ">
    <subfield code="0">0</subfield>
    <subfield code="1">0</subfield>
    <subfield code="2">ddc</subfield>
    <subfield code="4">0</subfield>
    <subfield code="7">1</subfield>
    <subfield code="a">CSPC</subfield>
    <subfield code="b">CSPC</subfield>
    <subfield code="c">SER</subfield>
    <subfield code="d">2026-02-16</subfield>
    <subfield code="h">June 2021 Volume 1, Number 1</subfield>
    <subfield code="l">0</subfield>
    <subfield code="o">Ser EDUC 11 v.1 n.1 2021</subfield>
    <subfield code="p">01577S</subfield>
    <subfield code="r">2026-02-16 10:09:14</subfield>
    <subfield code="t">1-1</subfield>
    <subfield code="w">2026-02-16</subfield>
    <subfield code="y">SERIALS</subfield>
    <subfield code="z">Journal</subfield>
  </datafield>
  <datafield tag="952" ind1=" " ind2=" ">
    <subfield code="0">0</subfield>
    <subfield code="1">0</subfield>
    <subfield code="2">ddc</subfield>
    <subfield code="4">0</subfield>
    <subfield code="7">1</subfield>
    <subfield code="a">CSPC</subfield>
    <subfield code="b">CSPC</subfield>
    <subfield code="c">SER</subfield>
    <subfield code="d">2026-02-16</subfield>
    <subfield code="h">September 2021 Volume 1, Number 2</subfield>
    <subfield code="l">0</subfield>
    <subfield code="o">Ser EDUC 11 v.1 n.2 2021</subfield>
    <subfield code="p">01578S</subfield>
    <subfield code="r">2026-02-16 10:10:09</subfield>
    <subfield code="t">1-1</subfield>
    <subfield code="w">2026-02-16</subfield>
    <subfield code="y">SERIALS</subfield>
    <subfield code="z">Journal</subfield>
  </datafield>
  <datafield tag="999" ind1=" " ind2=" ">
    <subfield code="c">31762</subfield>
    <subfield code="d">31762</subfield>
  </datafield>
</record>
